000 005240000a22001810004500
003 MACL
005 20160322123052.0
008 160322b xxu||||| |||| 00| 0 eng d
040 _aMACL
_cMACL
041 _aHindi
082 _a891.433
100 _aमुद्राराक्षस
_936760
245 _aमरा नाम तेरा नाम
260 _bसाहित्‍य रत्‍नालय
_c1980
_aकानपुर
350 _a60
650 _aNovel
_948019
942 _cHIN
_k891.433
_2ddc
999 _c27595
_d27595